| 000 | 00426nam a2200181Ia 4500 | ||
|---|---|---|---|
| 001 | 18811 | ||
| 005 | 20260306171658.0 | ||
| 008 | 260306s9999||||xx |||||||||||||| ||und|| | ||
| 041 | _aESP | ||
| 082 |
_a658.5 _bL82 |
||
| 100 |
_aLobato, Francisco _eAUT |
||
| 245 | 0 | _aGestión logística y comercial | |
| 260 | _c2013 | ||
| 300 |
_a215 páginas : _c27 cm. |
||
| 650 | _aGEN | ||
| 654 | _aCAN | ||
| 942 |
_cLIB _dJUS _fJUS _2ddc _n |
||
| 999 |
_c18811 _d18811 |
||